Rusyn'skŷj chudožnyk Mychajlo Belen'

Bibliographic Details
Main Author: Medviď, Peter, 1981- (Author)
Format: Article
Language:Ukrainian
PhysicalDescription:Fotografie
ISSN:2454-0013
Subjects:

MARC

LEADER 00000nab a2200000 4500
001 vtls012265643
003 SK-MaSNL
005 20260318115025.0
008 241017c2021 xo er|n || ||00 c0ukr
015 |a SNBRB2024/10 
038 |a SVKPOCL 
040 |a SVKPOCL  |b slo  |c SVKPOCL  |e rda 
041 0 |a ukr 
043 |a e-un--- 
044 |a xo  |c SK 
072 7 |a 75  |x Maliarstvo  |2 konspekt 
072 7 |a 72/76  |x Výtvarné umenie  |2 konspekt 
080 |a 75.071.1  |2 2011 
080 |a 070.42-055.1  |2 2011 
080 |a 76.071.1  |2 2011 
080 |a 73-051  |2 2011 
080 |a (477)  |2 2011 
100 1 |a Medviď, Peter,  |d 1981-  |4 aut  |9 268505 
245 1 0 |a Rusyn'skŷj chudožnyk Mychajlo Belen'  |c [autor] -pem- 
300 |b Fotografie 
336 |a text  |b txt  |2 rdacontent 
337 |a bez média  |b n  |2 rdamedia 
338 |a zväzok  |b nc  |2 rdacarrier 
500 |a Akronym odkrytý s autorovým súhlasom 
500 |a V rubrike Našŷ osobnosty 
600 1 7 |a Belen', Mychajlo Oleksijovyč,  |d 1951-  |2 svkpocl  |9 1602634 
648 7 |a 17.5.1951  |2 svkpocl  |9 1602635 
648 7 |a 19.5.1951  |2 svkpocl  |9 1602636 
648 7 |a 1967-1971  |2 svkpocl  |9 424673 
648 7 |a 1977-1983  |2 svkpocl  |9 1602637 
648 7 |a 1989  |2 svkpocl  |9 276934 
650 0 7 |a výtvarníci  |2 SNKPH  |9 118705 
650 0 7 |a ukrajinskí maliari  |2 svkpocl  |9 383278 
650 0 7 |a sochári  |2 SNKPH  |9 3055 
650 0 7 |a osobnosti  |2 SNKPH  |9 29820 
650 0 7 |a grafici  |2 SNKPH  |9 87837 
650 0 7 |a novinári  |2 SNKPH  |9 24785 
650 0 7 |a Sándor Petőfi (socha)  |2 svkpocl  |9 1602638 
650 0 7 |a Alexander Duchnovič (socha)  |2 svkpocl  |9 1327220 
650 0 7 |a biografia  |2 SNKPH  |9 71085 
651 7 |a Ukrajina  |2 SNKPHgeo  |9 168045 
651 7 |a Liskovec' (Ukrajina)  |2 svkpocl  |9 1598968 
773 0 |t NN info Rusyn  |g Roč. XVIII (30), č. 16 (2021), s. 11  |x 2454-0013 
852 |a SVKPO  |b KIS3GCP 
958 |a SS 
958 |a UA 
958 |a NM 
958 |a BC 
958 |a RN 
999 |c 3300713  |d 3302643